000
00249nam a2200097Ia 4500
001
641846
005
20250826153515.0
008
250824s9999 xx 000 0 und d
245
0
_a
DOĞANIN BİR YILI ŞUBAT
_c
RUTH SYMONS
260
_b
TÜBİTAK YAYINLARI
999
_c
641846
_d
641846